000 00354nam a2200157Ia 4500
999 _c32
_d32
003 OSt
005 20200311044053.0
008 200302s9999 xx 000 0 und d
020 _a9788176710015
100 _aR. Barry
245 _aThe Construction of Buildings Vol 1
260 _bGranada Publishing
260 _c1969
300 _a128 P.,
942 _2ddc